Bernardo Gómez-Pimienta - BGP /

Guardado en:
Bibliografiske detaljer
Hovedforfatter: Gómez-Pimienta, Bernardo (autor)
Andre forfattere: Riley, Terence (presentación) (presentación), Inzua, Ivan (edición) (edición), Hernández Gálvez, Alejandro (edición) (edición)
Format: Bog
Sprog:spansk
Fag:
Tags: Tilføj Tag
Ingen Tags, Vær først til at tagge denne postø!

MARC

LEADER 00000nam^a2200000^a^4500
001 000174661
005 20250521000000.0
009 20260310101536.632
020 |a 968-5208-25-5 
037 |a Acervo ITESO - Biblioteca 
041 |a ESP 
082 |a 745. 20972  |b GOM RIL 
100 |a Gómez-Pimienta, Bernardo  |e (autor) 
245 1 0 |a Bernardo Gómez-Pimienta - BGP /  |c B. Gómez-Pimienta ; presen. de T. Riley ; ed. de I. Inzua, A. Hernández Gálvez ; tr. por Gregory Dechant. 
246 2 |a Título en la cubierta: Bernardo Gómez-Pimienta: objetos = BGP: Objects 
264 2 |a México :  |b Arquine :  |b Editorial RM,  |c 2003, c2003 
300 |a 153 p. 
336 |a texto  |b txt  |2 rdacontenido 
337 |a sin mediación  |b n  |2 rdamedio 
338 |a volumen  |b nc  |2 rdasoporte 
546 |a Edición bilingüe español-inglés 
649 |a XX 
650 |a Arquitectos Mexicanos 
650 |a Diseñadores Mexicanos 
650 |a Artistas Mexicanos 
650 |a Accesorios y Aparatos Domésticos -  |x Tema Principal 
650 |a Diseño Industrial 
650 |a Decoración y Ornamentación 
650 |a Arte (Tendencias Recientes) -  |z México -  |x Historia y Crítica 
650 |a Arte Mexicano -  |y Siglo XXI 
650 |a Arte Mexicano -  |x Historia y Crítica 
650 |a Gómez-Pimienta, Bernardo -  |x Tema Principal 
700 |a Riley, Terence  |e (presentación) 
700 |a Inzua, Ivan  |e (edición) 
700 |a Hernández Gálvez, Alejandro  |e (edición) 
910 |a Fondo General 
920 |a Impresos - Libros 
930 |a Reserva Especial 
905 |a 103 
901 |a 0500112433  |b IT1  |c REE  |u 20250521 
902 |a https://opac.biblio.iteso.mx/vufind/Record/000174661